[Event "Titled Tuesday intern op 28th Feb Early"]
[Site "Chess.com INT"]
[Date "2023.02.28"]
[Round "3"]
[White "Primbetov, Kazbek"]
[Black "Vaibhav, Jayant Raut"]
[Result "0-1"]
[WhiteElo "2156"]
[BlackElo "2237"]
[PlyCount "76"]
[EventDate "2023.02.28"]
[EventType "swiss (blitz)"]
[EventRounds "11"]
[EventCountry "USA"]
[SourceTitle "CBM 213 Extra"]
[Source "ChessBase"]
[SourceDate "2023.05.31"]
[SourceVersion "1"]
[SourceVersionDate "2023.05.31"]
[SourceQuality "1"]

1. e4 c5 2. Nf3 d6 3. d4 cxd4 4. Nxd4 Nf6 5. Nc3 Nc6 6. Bc4 Bd7 7. 0-0 e6 8. Bb3 Be7 9. Be3 0-0 10. f4 Rc8 11. f5 e5 12. Nde2 Ng4 13. Bf2 Nxf2 14. Rxf2 Bg5 15. Nd5 Na5 16. Nec3 b5 17. Rf3 b4 18. Ne2 Nxb3 19. axb3 Bc6 20. c4 bxc3 21. Nexc3 Bxd5 22. Nxd5 f6 23. Rc3 Qd7 24. Qc2 Rxc3 25. bxc3 Rb8 26. c4 Qb7 27. b4 Rc8 28. c5 Kh8 29. Qa4 dxc5 30. bxc5 Qb2 31. Qxa7 Qd4+ 32. Kh1 h5 33. c6 Rxc6 34. Qxd4 exd4 35. Rd1 d3 36. g3 d2 37. Nf4 Bxf4 38. gxf4 Rc1 0-1

[Event "Speed Chess Q2"]
[Site "Chess.com INT"]
[Date "2022.11.12"]
[Round "11"]
[White "Czerw, Dawid"]
[Black "Primbetov, Kazbek"]
[Result "0-1"]
[WhiteElo "2373"]
[BlackElo "2156"]
[PlyCount "94"]
[EventDate "2022.11.12"]
[EventType "swiss (blitz)"]
[EventRounds "14"]
[EventCountry "USA"]
[SourceTitle "CBM 211 Extra"]
[Source "ChessBase"]
[SourceDate "2023.01.31"]
[SourceVersion "1"]
[SourceVersionDate "2023.01.31"]
[SourceQuality "1"]

1. d4 Nf6 2. c4 e6 3. g3 d5 4. Bg2 c5 5. cxd5 exd5 6. Nf3 Nc6 7. 0-0 Be6 8. Nc3 Be7 9. dxc5 Bxc5 10. a3 h6 11. b4 Be7 12. Bb2 0-0 13. Nb5 a5 14. bxa5 Nxa5 15. Nfd4 Nc4 16. Qb1 Nd2 17. Qd3 Nxf1 18. Kxf1 Qd7 19. Kg1 Bh3 20. Bf3 Rac8 21. Rd1 Rfe8 22. e3 Bg4 23. Bxg4 Qxg4 24. Nf5 Ne4 25. Qxd5 Rc5 26. Nxe7+ Rxe7 27. Qd8+ Kh7 28. a4 Re6 29. Ba3 Rf5 30. Rf1 Ref6 31. Be7 Rxf2 32. Bxf6 Rxf1+ 33. Kxf1 Qf3+ 34. Ke1 Nxf6 35. Qd3+ g6 36. Nd6 Qh1+ 37. Kd2 Qxh2+ 38. Kc3 Qxg3 39. Nxf7 Qc7+ 40. Qc4 Qxc4+ 41. Kxc4 h5 42. Nd6 h4 43. e4 h3 44. e5 h2 45. exf6 h1Q 46. f7 Qc6+ 47. Kb3 Qxd6 0-1

[Event "Speed Chess Q2"]
[Site "Chess.com INT"]
[Date "2022.11.12"]
[Round "7"]
[White "Lakshmi, Chidambaram"]
[Black "Primbetov, Kazbek"]
[Result "1-0"]
[WhiteElo "1956"]
[BlackElo "2156"]
[PlyCount "47"]
[EventDate "2022.11.12"]
[EventType "swiss (blitz)"]
[EventRounds "14"]
[EventCountry "USA"]
[SourceTitle "CBM 211 Extra"]
[Source "ChessBase"]
[SourceDate "2023.01.31"]
[SourceVersion "1"]
[SourceVersionDate "2023.01.31"]
[SourceQuality "1"]

1. e4 c5 2. Nf3 e6 3. d4 cxd4 4. Nxd4 a6 5. c4 Nf6 6. Nc3 Bb4 7. Qd3 d6 8. Nc2 Ba5 9. Bf4 Nc6 10. Bxd6 Nxe4 11. c5 Nxc3 12. bxc3 Qf6 13. 0-0-0 Qxc3 14. Qxc3 Bxc3 15. Bc4 Bd7 16. Rd3 Bf6 17. f4 0-0-0 18. Bb3 h5 19. Na3 Nb4 20. Re3 Bd4 21. Rg3 h4 22. Rf3 Bc6 23. Nc4 Bxf3 24. Nb6# 1-0

[Event "Speed Chess Q2"]
[Site "Chess.com INT"]
[Date "2022.11.12"]
[Round "10"]
[White "Primbetov, Kazbek"]
[Black "Alahakoon, Isuru"]
[Result "1-0"]
[WhiteElo "2156"]
[BlackElo "1984"]
[PlyCount "67"]
[EventDate "2022.11.12"]
[EventType "swiss (blitz)"]
[EventRounds "14"]
[EventCountry "USA"]
[SourceTitle "CBM 211 Extra"]
[Source "ChessBase"]
[SourceDate "2023.01.31"]
[SourceVersion "1"]
[SourceVersionDate "2023.01.31"]
[SourceQuality "1"]

1. d4 d5 2. Nf3 Bf5 3. e3 e6 4. c4 Nf6 5. Qb3 Nc6 6. a3 a6 7. Nc3 Be7 8. Nh4 Be4 9. Nxe4 dxe4 10. g3 0-0 11. Bd2 Ng4 12. Ng2 f5 13. c5 Kh8 14. Nf4 Rf6 15. Nxe6 Qg8 16. Bc4 Nge5 17. dxe5 Nxe5 18. Bc3 Nxc4 19. Bxf6 Bxf6 20. Qxc4 Re8 21. 0-0-0 Rxe6 22. Rd7 Rc6 23. Qxg8+ Kxg8 24. Rd5 g6 25. Kb1 Kf7 26. Rhd1 Ke6 27. b4 b6 28. Ka2 b5 29. Kb3 h6 30. h4 g5 31. h5 Bg7 32. Rd8 Bf6 33. Rg8 a5 34. Rg6 1-0

[Event "Speed Chess Q2"]
[Site "Chess.com INT"]
[Date "2022.11.12"]
[Round "13"]
[White "Primbetov, Kazbek"]
[Black "Barria Zuniga, Daniel"]
[Result "0-1"]
[WhiteElo "2156"]
[BlackElo "2341"]
[PlyCount "52"]
[EventDate "2022.11.12"]
[EventType "swiss (blitz)"]
[EventRounds "14"]
[EventCountry "USA"]
[SourceTitle "CBM 211 Extra"]
[Source "ChessBase"]
[SourceDate "2023.01.31"]
[SourceVersion "1"]
[SourceVersionDate "2023.01.31"]
[SourceQuality "1"]

1. d4 g6 2. e4 Bg7 3. f4 c5 4. Nf3 cxd4 5. Nxd4 Nc6 6. Nf3 Nf6 7. Nc3 0-0 8. Be3 d6 9. h3 Bd7 10. g4 b5 11. a3 b4 12. axb4 Nxb4 13. e5 Ne8 14. Bg2 Bc6 15. 0-0 a5 16. Rf2 Qb8 17. Bd4 dxe5 18. Bxe5 Qb7 19. Qd4 Nf6 20. g5 Nh5 21. Bxg7 Nxg7 22. Re1 Nf5 23. Qe5 Rfd8 24. Nh2 Rac8 25. Ng4 Bxg2 26. Rxg2 Nc6 0-1

[Event "Istanbul op"]
[Site "Istanbul"]
[Date "2022.08.11"]
[Round "5"]
[White "Tarlabasi, Emirhan"]
[Black "Primbetov, Kazbek"]
[Result "1/2-1/2"]
[WhiteElo "2301"]
[BlackElo "2159"]
[PlyCount "88"]
[EventDate "2022.08.08"]
[EventType "swiss"]
[EventRounds "9"]
[EventCountry "TUR"]
[SourceTitle "CBM 209 Extra"]
[Source "ChessBase"]
[SourceDate "2022.09.30"]
[SourceVersion "1"]
[SourceVersionDate "2022.09.30"]
[SourceQuality "1"]

1. d4 g6 2. c4 Bg7 3. h4 Nf6 4. Nc3 d5 5. h5 Nxh5 6. cxd5 c6 7. e4 cxd5 8. e5 Bf8 9. g4 Ng7 10. Bg2 e6 11. Bh6 Nc6 12. Qd2 Bd7 13. Nge2 f5 14. exf6 Qxf6 15. Rh3 0-0-0 16. Bg5 Qf7 17. Bxd8 Kxd8 18. Rf3 Qe7 19. 0-0-0 Ne8 20. Rh1 Nd6 21. b3 Bg7 22. Kb1 h5 23. gxh5 Rxh5 24. Rxh5 gxh5 25. Bh3 Qh4 26. Qf4 Qxf4 27. Rxf4 Ke7 28. a3 Be8 29. b4 a6 30. Ka2 b5 31. Kb3 Bf7 32. Bg2 Bf6 33. Ka2 Nc4 34. Nd1 Nd2 35. Ne3 Bg8 36. Kb2 Bg5 37. Kc3 Nb1+ 38. Kb2 Bh7 39. Rf3 h4 40. Rh3 Nd2 41. Kc3 Nb1+ 42. Kb2 Nd2 43. Kc3 Nb1+ 44. Kb2 Nd2 1/2-1/2

[Event "Titled Tuesday intern op 04th Jan"]
[Site "Chess.com INT"]
[Date "2022.01.04"]
[Round "10"]
[White "Kostiukov, Alexandr"]
[Black "Primbetov, Kazbek"]
[Result "1-0"]
[WhiteElo "2271"]
[BlackElo "2175"]
[PlyCount "83"]
[EventDate "2022.01.04"]
[EventType "swiss (blitz)"]
[EventRounds "11"]
[EventCountry "USA"]
[SourceTitle "EXT 2023"]
[Source "ChessBase"]
[SourceDate "2022.10.05"]
[SourceVersion "1"]
[SourceVersionDate "2022.10.05"]
[SourceQuality "1"]

1. g3 h5 2. Nf3 Nc6 3. Bg2 e5 4. e4 h4 5. Nxh4 d6 6. Nf3 Bh3 7. Bxh3 Rxh3 8. d3 Be7 9. Be3 Qd7 10. Nc3 Nf6 11. Qe2 0-0-0 12. 0-0-0 Rdh8 13. a3 Ng4 14. Nd5 Bd8 15. Nh4 Bxh4 16. gxh4 R8xh4 17. Bxa7 Nxa7 18. Rhg1 c6 19. Nb6+ Kc7 20. Nxd7 Kxd7 21. Rxg4 Rh7 22. f4 exf4 23. Rxf4 f6 24. Qg4+ Kc7 25. Rf2 Nb5 26. c3 Kb6 27. Qe6 R3h5 28. a4 Nc7 29. Qxd6 Na6 30. Qd8+ Ka7 31. Qd4+ c5 32. Qd7 g5 33. Qb5 Rxh2 34. Rxh2 Rxh2 35. Rf1 g4 36. Rxf6 Rh8 37. Rf7 Rb8 38. a5 Ka8 39. Qb6 g3 40. Rg7 c4 41. d4 Re8 42. Qxb7# 1-0

[Event "Titled Tuesday intern op 04th Jan"]
[Site "Chess.com INT"]
[Date "2022.01.04"]
[Round "3"]
[White "Kravtsiv, Martyn"]
[Black "Primbetov, Kazbek"]
[Result "1-0"]
[WhiteElo "2598"]
[BlackElo "2175"]
[PlyCount "79"]
[EventDate "2022.01.04"]
[EventType "swiss (blitz)"]
[EventRounds "11"]
[EventCountry "USA"]
[SourceTitle "EXT 2023"]
[Source "ChessBase"]
[SourceDate "2022.10.05"]
[SourceVersion "1"]
[SourceVersionDate "2022.10.05"]
[SourceQuality "1"]

1. e4 c5 2. Nf3 d6 3. Bb5+ Bd7 4. Bxd7+ Qxd7 5. c4 Nc6 6. d4 Nf6 7. Nc3 cxd4 8. Nxd4 Nxd4 9. Qxd4 g6 10. 0-0 Bg7 11. Qd3 0-0 12. h3 Rfc8 13. Be3 Qc6 14. b3 e6 15. Rac1 Nd7 16. Rfd1 Be5 17. Bd4 Bf4 18. Re1 Bxc1 19. Rxc1 a6 20. Qd2 b5 21. Qh6 f6 22. h4 bxc4 23. h5 gxh5 24. Re1 e5 25. Nd5 exd4 26. Ne7+ Kh8 27. Ng6+ Kg8 28. Ne7+ Kh8 29. Nxc6 Rxc6 30. bxc4 Rxc4 31. Qxh5 Ne5 32. Qh6 Nd7 33. Qf4 Rac8 34. Qxd6 R8c7 35. Rd1 Kg7 36. Rxd4 Rc1+ 37. Kh2 Ne5 38. f3 R1c2 39. Rd2 R2c6 40. Qd8 1-0

[Event "Titled Tuesday intern op 04th Jan"]
[Site "Chess.com INT"]
[Date "2022.01.04"]
[Round "1"]
[White "Zaichenko, Daria"]
[Black "Primbetov, Kazbek"]
[Result "0-1"]
[WhiteElo "2104"]
[BlackElo "2175"]
[PlyCount "36"]
[EventDate "2022.01.04"]
[EventType "swiss (blitz)"]
[EventRounds "11"]
[EventCountry "USA"]
[SourceTitle "EXT 2023"]
[Source "ChessBase"]
[SourceDate "2022.10.05"]
[SourceVersion "1"]
[SourceVersionDate "2022.10.05"]
[SourceQuality "1"]

1. e3 e5 2. d3 d5 3. Nd2 c5 4. e4 Nf6 5. exd5 Nxd5 6. Ngf3 Nc6 7. Be2 g6 8. Nc4 Bg7 9. Kf1 0-0 10. g3 b5 11. Ne3 Bb7 12. Kg2 Nd4 13. Nxd5 Qxd5 14. c3 Nxe2 15. Qxe2 Rad8 16. Rd1 e4 17. dxe4 Qxd1 18. Qxd1 Rxd1 0-1

[Event "Titled Tuesday intern op 17th Aug"]
[Site "Chess.com INT"]
[Date "2021.08.17"]
[Round "5"]
[White "Maksimovic, Bojan"]
[Black "Primbetov, Kazbek"]
[Result "0-1"]
[WhiteElo "2425"]
[BlackElo "2192"]
[PlyCount "90"]
[EventDate "2021.08.17"]
[EventType "swiss (blitz)"]
[EventRounds "11"]
[EventCountry "USA"]
[SourceTitle "EXT 2022"]
[Source "ChessBase"]
[SourceDate "2021.10.06"]
[SourceVersion "1"]
[SourceVersionDate "2021.10.06"]
[SourceQuality "1"]

1. g3 d5 2. Bg2 c6 3. d3 Bg4 4. Nd2 Nd7 5. f3 Bh5 6. Nh3 e5 7. e4 Ngf6 8. Nf2 Bc5 9. 0-0 0-0 10. Kh1 a5 11. a4 Bb6 12. Qe2 Re8 13. b3 Bd4 14. Rb1 Nc5 15. Ba3 Ne6 16. Bh3 Bc3 17. Bxe6 Rxe6 18. g4 Bg6 19. Rfd1 h5 20. h3 Nh7 21. Bb2 Bxb2 22. Rxb2 Qh4 23. Kg2 Rae8 24. Rh1 Rf6 25. Rbb1 Ng5 26. Rbg1 Ne6 27. Kf1 Nd4 28. Qd1 Rf4 29. c3 Ne6 30. Qe1 Rd8 31. gxh5 Qxh5 32. Rg4 dxe4 33. dxe4 Rf6 34. Rhg1 Nf4 35. Rg5 Qh4 36. R1g4 Qh6 37. h4 Bh5 38. Rxg7+ Qxg7 39. Rxg7+ Kxg7 40. Qe3 Rg6 41. Nc4 f6 42. Qb6 Rd7 43. Qxa5 Bxf3 44. Qc5 Be2+ 45. Ke1 Rg1# 0-1

[Event "Titled Tuesday intern op 17th Aug"]
[Site "Chess.com INT"]
[Date "2021.08.17"]
[Round "4"]
[White "Primbetov, Kazbek"]
[Black "Ozen, Bahadir"]
[Result "0-1"]
[WhiteElo "2192"]
[BlackElo "2369"]
[PlyCount "90"]
[EventDate "2021.08.17"]
[EventType "swiss (blitz)"]
[EventRounds "11"]
[EventCountry "USA"]
[SourceTitle "EXT 2022"]
[Source "ChessBase"]
[SourceDate "2021.10.06"]
[SourceVersion "1"]
[SourceVersionDate "2021.10.06"]
[SourceQuality "1"]

1. d4 e6 2. Bf4 Nf6 3. e3 Be7 4. c3 c5 5. Nd2 b6 6. Bd3 Bb7 7. Ngf3 Nh5 8. Bg3 d6 9. Qe2 Nd7 10. 0-0-0 a6 11. Kb1 Qc7 12. e4 Nxg3 13. hxg3 b5 14. e5 d5 15. Bxh7 b4 16. Bc2 Rxh1 17. Rxh1 bxc3 18. bxc3 Rb8 19. Ka1 Qa5 20. Qe3 Bc6 21. Rb1 Rxb1+ 22. Bxb1 Qa3 23. c4 Qa5 24. Nb3 Qb4 25. cxd5 Bxd5 26. dxc5 Nxc5 27. Nfd4 Qa3 28. f4 Nxb3+ 29. Nxb3 g6 30. Qc3 Kf8 31. g4 Qa4 32. f5 gxf5 33. gxf5 Bxb3 34. Qxb3 Qd4+ 35. Qb2 Bc5 36. a3 Qd1 37. Ka2 Bd4 38. Qb8+ Kg7 39. f6+ Kh6 40. Qh8+ Kg5 41. Qg7+ Kh4 42. g3+ Kh3 43. Qh6+ Kg2 44. Be4+ Kf2 45. Qh2+ Ke3 0-1

[Event "Titled Tuesday intern op 17th Aug"]
[Site "Chess.com INT"]
[Date "2021.08.17"]
[Round "3"]
[White "Primbetov, Kazbek"]
[Black "Stoyanov, Tsvetan"]
[Result "1-0"]
[WhiteElo "2192"]
[BlackElo "2383"]
[PlyCount "73"]
[EventDate "2021.08.17"]
[EventType "swiss (blitz)"]
[EventRounds "11"]
[EventCountry "USA"]
[SourceTitle "EXT 2022"]
[Source "ChessBase"]
[SourceDate "2021.10.06"]
[SourceVersion "1"]
[SourceVersionDate "2021.10.06"]
[SourceQuality "1"]

1. d4 d5 2. Bf4 Nf6 3. e3 c5 4. c3 Nc6 5. Nd2 Nh5 6. Qxh5 g6 7. Qd1 Bg7 8. Ngf3 Qb6 9. Qb3 Qd8 10. h4 h5 11. Ne5 Nxe5 12. Bxe5 Bxe5 13. dxe5 0-0 14. Be2 Be6 15. Nf3 Qc7 16. Qa4 Bg4 17. Qf4 Qb6 18. b3 Qa5 19. b4 Qa3 20. 0-0 Qxc3 21. bxc5 Qxc5 22. Qh6 Bxf3 23. Bxf3 Rad8 24. Qg5 Kh7 25. Rfc1 Qa3 26. Rc7 d4 27. exd4 Rxd4 28. Rxe7 Qb2 29. Rf1 Qxa2 30. e6 a5 31. exf7 Rxf7 32. Rxf7+ Qxf7 33. Rb1 Rd7 34. Qxa5 Qf6 35. Qg5 Qa6 36. Be4 b5 37. Qxh5+ 1-0

[Event "Titled Tuesday intern op 10th Aug"]
[Site "Chess.com INT"]
[Date "2021.08.10"]
[Round "9"]
[White "Omariev, Maksim"]
[Black "Primbetov, Kazbek"]
[Result "0-1"]
[WhiteElo "2304"]
[BlackElo "2192"]
[PlyCount "66"]
[EventDate "2021.08.10"]
[EventType "swiss (blitz)"]
[EventRounds "11"]
[EventCountry "USA"]
[SourceTitle "CBM 203 Extra"]
[Source "ChessBase"]
[SourceDate "2021.09.30"]
[SourceVersion "1"]
[SourceVersionDate "2021.09.30"]
[SourceQuality "1"]

1. g4 d5 2. Bg2 c6 3. g5 e5 4. d4 e4 5. c4 Bb4+ 6. Nc3 Ne7 7. Qb3 a5 8. c5 0-0 9. a3 Bxc3+ 10. Qxc3 a4 11. h4 b6 12. Bf4 bxc5 13. Qxc5 Na6 14. Qc3 Ra7 15. h5 Rb7 16. h6 g6 17. e3 Rb3 18. Qd2 Qb6 19. 0-0-0 c5 20. Ne2 Bg4 21. Rde1 Rc8 22. Kb1 Bxe2 23. Rxe2 c4 24. Bh3 c3 25. Qc1 cxb2 26. Qxc8+ Nxc8 27. Bxc8 Rxa3 28. Rxb2 Rb3 29. Rxb3 Qxb3+ 30. Kc1 Nb4 31. Kd2 Qc2+ 32. Ke1 Nd3+ 33. Kf1 Qxf2# 0-1

[Event "Titled Tuesday intern op 10th Aug"]
[Site "Chess.com INT"]
[Date "2021.08.10"]
[Round "1"]
[White "Sevian, Samuel"]
[Black "Primbetov, Kazbek"]
[Result "1-0"]
[WhiteElo "2647"]
[BlackElo "2192"]
[PlyCount "93"]
[EventDate "2021.08.10"]
[EventType "swiss (blitz)"]
[EventRounds "11"]
[EventCountry "USA"]
[SourceTitle "CBM 203 Extra"]
[Source "ChessBase"]
[SourceDate "2021.09.30"]
[SourceVersion "1"]
[SourceVersionDate "2021.09.30"]
[SourceQuality "1"]

1. c4 Nf6 2. Nc3 g6 3. e4 d6 4. d3 Bg7 5. g3 c5 6. Bg2 Nc6 7. Nge2 0-0 8. h3 a6 9. 0-0 Rb8 10. a4 Ne8 11. f4 Nc7 12. f5 b5 13. axb5 axb5 14. g4 bxc4 15. dxc4 Ne5 16. g5 Nxc4 17. Qc2 Ne5 18. Nf4 Nb5 19. Nxb5 Rxb5 20. Nd5 e6 21. Nc3 Rb4 22. f6 Bh8 23. Bf4 Nc4 24. b3 e5 25. bxc4 exf4 26. Nd5 Rb7 27. Rxf4 Be6 28. Raf1 Bxd5 29. exd5 Qb8 30. h4 Rb2 31. Qd3 Qb3 32. Qxb3 Rxb3 33. R4f3 Rxf3 34. Bxf3 h6 35. Rf2 Re8 36. Re2 Rxe2 37. Bxe2 hxg5 38. hxg5 Kf8 39. Bg4 Ke8 40. Kf2 Kd8 41. Ke2 Kc7 42. Kd3 Kb6 43. Kc3 Ka5 44. Kb3 Kb6 45. Ka3 Ka5 46. Bd7 Kb6 47. Be8 1-0

[Event "Titled Tuesday intern op 27th July"]
[Site "Chess.com INT"]
[Date "2021.07.27"]
[Round "11"]
[White "Demeter, Dorina"]
[Black "Primbetov, Kazbek"]
[Result "0-1"]
[WhiteElo "2039"]
[BlackElo "2207"]
[PlyCount "68"]
[EventDate "2021.07.27"]
[EventType "swiss (blitz)"]
[EventRounds "11"]
[EventCountry "USA"]
[SourceTitle "CBM 203 Extra"]
[Source "ChessBase"]
[SourceDate "2021.09.30"]
[SourceVersion "1"]
[SourceVersionDate "2021.09.30"]
[SourceQuality "1"]

1. Nf3 Nf6 2. c4 g6 3. Nc3 Bg7 4. e4 d6 5. d4 0-0 6. h3 e5 7. d5 a5 8. Be3 Na6 9. g4 Nc5 10. Nd2 h5 11. Be2 c6 12. gxh5 Nxh5 13. Bxh5 gxh5 14. Qxh5 f5 15. Bxc5 dxc5 16. 0-0-0 cxd5 17. Nxd5 b5 18. cxb5 Bd7 19. Nc4 Bxb5 20. Nc3 Qe8 21. Qe2 Ba6 22. exf5 Rxf5 23. Qe4 Rf4 24. Qd5+ Kh8 25. Nd6 Qf8 26. Nce4 Be2 27. Rdg1 Bf3 28. Rh2 Rd8 29. Rg6 Bxe4 30. Rh6+ Bxh6 31. Qxe5+ Bg7 32. Qh5+ Bh7 33. Qg5 Rxd6 34. Rg2 Rc4# 0-1

[Event "Titled Tuesday intern op 27th July"]
[Site "Chess.com INT"]
[Date "2021.07.27"]
[Round "1"]
[White "Primbetov, Kazbek"]
[Black "Gabriel, Robert A"]
[Result "1-0"]
[WhiteElo "2207"]
[BlackElo "2236"]
[PlyCount "71"]
[EventDate "2021.07.27"]
[EventType "swiss (blitz)"]
[EventRounds "11"]
[EventCountry "USA"]
[SourceTitle "CBM 203 Extra"]
[Source "ChessBase"]
[SourceDate "2021.09.30"]
[SourceVersion "1"]
[SourceVersionDate "2021.09.30"]
[SourceQuality "1"]

1. f4 d5 2. Nf3 Nf6 3. b3 g6 4. Bb2 Bg7 5. e3 0-0 6. Be2 Nc6 7. 0-0 Ne4 8. Bxg7 Kxg7 9. d3 Nd6 10. d4 Bf5 11. Nbd2 Be4 12. Ne5 f5 13. Nxc6 bxc6 14. c4 e6 15. Rc1 Qd7 16. Rc3 h6 17. Qc1 Rfc8 18. Qa3 a5 19. Qa4 dxc4 20. Nxc4 Nxc4 21. Rxc4 Bd5 22. Rc5 Rcb8 23. Rxa5 Rxa5 24. Qxa5 Qc8 25. Rc1 Ra8 26. Qd2 Ra3 27. Bc4 Qa8 28. Qb4 Rxa2 29. Qe7+ Kh8 30. Bxd5 exd5 31. Qf6+ Kh7 32. Rxc6 Ra1+ 33. Kf2 Ra2+ 34. Kg3 Qe8 35. Rxc7+ Kg8 36. Qg7# 1-0

[Event "Titled Tuesday intern op 27th July"]
[Site "Chess.com INT"]
[Date "2021.07.27"]
[Round "6"]
[White "Primbetov, Kazbek"]
[Black "Todorovic, Bojan"]
[Result "0-1"]
[WhiteElo "2207"]
[BlackElo "2278"]
[PlyCount "60"]
[EventDate "2021.07.27"]
[EventType "swiss (blitz)"]
[EventRounds "11"]
[EventCountry "USA"]
[SourceTitle "CBM 203 Extra"]
[Source "ChessBase"]
[SourceDate "2021.09.30"]
[SourceVersion "1"]
[SourceVersionDate "2021.09.30"]
[SourceQuality "1"]

1. f4 Nf6 2. Nf3 d6 3. b3 g6 4. Bb2 Bg7 5. e3 0-0 6. Be2 c5 7. 0-0 Nc6 8. c4 b6 9. d4 cxd4 10. exd4 d5 11. Ne5 Bb7 12. Bf3 e6 13. Nd2 Rc8 14. Rc1 dxc4 15. Ndxc4 Nd5 16. Ba3 b5 17. Bxf8 Bxf8 18. Nxc6 Bxc6 19. Ne5 Ne3 20. Nxc6 Rxc6 21. Qd3 Rxc1 22. Rxc1 Nf5 23. d5 exd5 24. Bxd5 Qb6+ 25. Kh1 Qf2 26. g3 Ne3 27. Qxb5 Ng4 28. Bg2 Qe3 29. Rf1 Bc5 30. h3 Qxg3 0-1

[Event "Titled Tuesday intern op 27th July"]
[Site "Chess.com INT"]
[Date "2021.07.27"]
[Round "2"]
[White "Wong, Yinn Long"]
[Black "Primbetov, Kazbek"]
[Result "1-0"]
[WhiteElo "2381"]
[BlackElo "2207"]
[PlyCount "47"]
[EventDate "2021.07.27"]
[EventType "swiss (blitz)"]
[EventRounds "11"]
[EventCountry "USA"]
[SourceTitle "CBM 203 Extra"]
[Source "ChessBase"]
[SourceDate "2021.09.30"]
[SourceVersion "1"]
[SourceVersionDate "2021.09.30"]
[SourceQuality "1"]

1. d4 Nf6 2. c4 g6 3. g3 Bg7 4. Bg2 d6 5. Nf3 0-0 6. 0-0 c5 7. dxc5 dxc5 8. Ne5 Nbd7 9. Nxd7 Nxd7 10. Nc3 Nb6 11. Qb3 Be6 12. Nd5 Bxd5 13. cxd5 c4 14. Qf3 Rc8 15. Rb1 Rc5 16. e4 Rb5 17. Qe2 Qd7 18. Be3 Rc8 19. Rfc1 h5 20. h4 Na4 21. Rxc4 Nc3 22. Rxc8+ Qxc8 23. Qc2 Qd7 24. bxc3 1-0

[Event "Titled Tuesday intern op 20th July"]
[Site "Chess.com INT"]
[Date "2021.07.20"]
[Round "10"]
[White "Filippova, Margarita"]
[Black "Primbetov, Kazbek"]
[Result "0-1"]
[WhiteElo "2075"]
[BlackElo "2207"]
[PlyCount "64"]
[EventDate "2021.07.20"]
[EventType "swiss (blitz)"]
[EventRounds "11"]
[EventCountry "USA"]
[SourceTitle "CBM 203 Extra"]
[Source "ChessBase"]
[SourceDate "2021.09.30"]
[SourceVersion "1"]
[SourceVersionDate "2021.09.30"]
[SourceQuality "1"]

1. Nf3 Nf6 2. d4 g6 3. c4 Bg7 4. Nc3 0-0 5. e4 d6 6. Be2 e5 7. 0-0 Nc6 8. d5 Ne7 9. b4 a5 10. Ba3 axb4 11. Bxb4 Nd7 12. Nd2 f5 13. Nb3 Nf6 14. f3 c5 15. dxc6 Qb6+ 16. c5 Qxb4 17. cxd6 Nxc6 18. Nb5 fxe4 19. a3 Qa4 20. Nc5 Qxd1 21. Raxd1 Bh6 22. Kh1 Be3 23. Nxe4 Nxe4 24. fxe4 Bd7 25. Nc7 Rxf1+ 26. Bxf1 Rxa3 27. Bc4+ Kg7 28. Ne6+ Bxe6 29. Bxe6 Bd4 30. d7 Ra1 31. Rxa1 Bxa1 32. Bd5 Nd8 0-1

[Event "Titled Tuesday intern op 20th July"]
[Site "Chess.com INT"]
[Date "2021.07.20"]
[Round "8"]
[White "Grinev, Valeriy"]
[Black "Primbetov, Kazbek"]
[Result "1-0"]
[WhiteElo "2425"]
[BlackElo "2207"]
[PlyCount "69"]
[EventDate "2021.07.20"]
[EventType "swiss (blitz)"]
[EventRounds "11"]
[EventCountry "USA"]
[SourceTitle "CBM 203 Extra"]
[Source "ChessBase"]
[SourceDate "2021.09.30"]
[SourceVersion "1"]
[SourceVersionDate "2021.09.30"]
[SourceQuality "1"]

1. e4 e6 2. d4 d5 3. Nc3 Bb4 4. Nge2 dxe4 5. a3 Be7 6. Nxe4 Nf6 7. N2g3 0-0 8. c3 Nbd7 9. Bd3 e5 10. Be3 exd4 11. Bxd4 Nxe4 12. Nxe4 c5 13. Be3 f5 14. Bc4+ Kh8 15. Nd6 Ne5 16. Nxc8 Nxc4 17. Nxe7 Qxe7 18. Qe2 Qe4 19. Qf3 Qxf3 20. gxf3 b6 21. b3 Na5 22. b4 Nc4 23. bxc5 f4 24. Bd4 Rfe8+ 25. Kf1 bxc5 26. Bxc5 Nd2+ 27. Kg2 Re5 28. Bd6 Rg5+ 29. Kh3 Rf8 30. Rhg1 Rd5 31. Bxf8 Nxf3 32. Bxg7+ Kg8 33. Bh6+ Kf7 34. Bxf4 Nxg1+ 35. Rxg1 1-0

[Event "Titled Tuesday intern op 20th July"]
[Site "Chess.com INT"]
[Date "2021.07.20"]
[Round "9"]
[White "Primbetov, Kazbek"]
[Black "Borsuk, Konstantin"]
[Result "0-1"]
[WhiteElo "2207"]
[BlackElo "2413"]
[PlyCount "50"]
[EventDate "2021.07.20"]
[EventType "swiss (blitz)"]
[EventRounds "11"]
[EventCountry "USA"]
[SourceTitle "CBM 203 Extra"]
[Source "ChessBase"]
[SourceDate "2021.09.30"]
[SourceVersion "1"]
[SourceVersionDate "2021.09.30"]
[SourceQuality "1"]

1. f4 c5 2. Nf3 d5 3. b3 g6 4. Bb2 Nf6 5. e3 Bg7 6. Be2 Nc6 7. 0-0 a6 8. Ne5 Qc7 9. c4 dxc4 10. Bxc4 0-0 11. Qf3 Nb4 12. Nc3 Bf5 13. a3 Nc6 14. Nxc6 bxc6 15. e4 Nxe4 16. Nxe4 Bxb2 17. Rae1 Bxa3 18. Ng5 Qd7 19. h3 Rad8 20. g4 Bd3 21. Bxd3 Qxd3 22. Re3 Qxd2 23. f5 Bb2 24. Re2 Bd4+ 25. Kh1 Qxg5 0-1

[Event "Titled Tuesday intern op 20th July"]
[Site "Chess.com INT"]
[Date "2021.07.20"]
[Round "6"]
[White "Primbetov, Kazbek"]
[Black "Rorrer, Grayson"]
[Result "1-0"]
[WhiteElo "2207"]
[BlackElo "2202"]
[PlyCount "115"]
[EventDate "2021.07.20"]
[EventType "swiss (blitz)"]
[EventRounds "11"]
[EventCountry "USA"]
[SourceTitle "CBM 203 Extra"]
[Source "ChessBase"]
[SourceDate "2021.09.30"]
[SourceVersion "1"]
[SourceVersionDate "2021.09.30"]
[SourceQuality "1"]

1. c4 e5 2. g3 c6 3. Bg2 d5 4. cxd5 cxd5 5. d4 e4 6. f3 Bb4+ 7. Bd2 Bxd2+ 8. Qxd2 f5 9. Nh3 Nf6 10. 0-0 0-0 11. Nc3 Nc6 12. Rac1 Be6 13. Ng5 Bd7 14. Na4 b6 15. Nc3 Rc8 16. Nh3 Be6 17. Ng5 Bd7 18. Nh3 Qe7 19. Nf4 Be6 20. Bh3 g6 21. fxe4 dxe4 22. e3 Bf7 23. Rfd1 Rfd8 24. Rf1 Ne5 25. Bg2 Nc4 26. Qe2 Qb4 27. b3 Na5 28. Na4 Qd6 29. h4 Nc6 30. Qd2 Ne7 31. Rc2 Rxc2 32. Qxc2 Rc8 33. Qd2 Ned5 34. Rc1 Rd8 35. Bh3 Nxf4 36. gxf4 Nd5 37. Nc3 Qf6 38. Nxd5 Bxd5 39. Qf2 Qe6 40. h5 Rc8 41. Rxc8+ Qxc8 42. hxg6 hxg6 43. Qg3 Qc1+ 44. Kh2 Kf7 45. Bg2 Qd2 46. Qh3 Kg7 47. Qh4 Qxe3 48. Qe7+ Bf7 49. Qe5+ Kg8 50. d5 Qd3 51. d6 e3 52. Bf3 Qd2+ 53. Kh3 Qf2 54. Bg2 Qd2 55. Bf3 Qf2 56. Bg2 e2 57. d7 e1Q 58. d8Q+ 1-0